000 00332nam a2200145Ia 4500
008 150201s2005 xx 000 0 und d
082 _a603
_bI2005G
100 _aGUPTA,L.C.
245 _aILLUSTRATED NURSES DICTIONARY
250 _a2ND
260 _bAITBS
_aDELHI
_c2005
300 _a1-624
650 _aNURSING
942 _2ddc
_cBK
999 _c4047
_d4047